Ardennes - mort subite - Statistiques

Statistiques générales
  • Ce quiz a été pris 94 fois
  • Le résultat moyen est 6 sur 18
Answers on the Grid
Answers color-coded by a green-red scale on the quiz's grid according to % correct below.
Charleville-Mézières
Toulouse
Bouëx
Malabon
Likasi
La Moselle
Chooz
Une gare TGV
Le centre de commandement de l'armée allemande, 1914-15
Ham-sur-Meuse
Un aéroport
Une centrale nucléaire
Rethel
Le lieu de naissance de Descartes
Le plus haut sommet du massif des Ardennes
Vouziers
Ouvrage La Ferté
Y
Verdun
Palaiseau
Le site clé de la bataille des Ardennes, 1944
Rimogne
Vrigne-Meuse
Le site de la capitulation de Napoléon III en 1870
Gespunsart
La Meuse
Le Bal du Moulin de la Galette de Renoir
Joinville
Le site de la bataille clé de 1940 en France
Tumbes
Palu
Le lieu de naissance de Rimbaud
Nouzonville
Bellevue
Sedan
Bluefields
 
Statistiques - réponses
Réponse % Correct
Charleville-Mézières
98%
Rethel
65%
Chooz
46%
Vouziers
40%
Centrale nucléaire de Chooz Une centrale nucléaire
39%
Sedan
33%
Nouzonville
30%
Mézières Le centre de commandement de l'armée allemande, 1914-15
28%
Charleville Le lieu de naissance de Rimbaud
26%
Ham-sur-Meuse
25%
La Meuse
25%
Sedan, Guerre franco-allemande Le site de la capitulation de Napoléon III en 1870
25%
Charleville-Mézières Une gare TGV
23%
Rimogne
19%
Gespunsart
16%
Sedan Le site de la bataille clé de 1940 en France
16%
Vrigne-Meuse
16%
Ouvrage fortifié marquant la limite septentrionale de la ligne Maginot Ouvrage La Ferté
9%
Aucun quiz correspondant
Distribution des résultats
% des personnes avec chaque résultat
Percentile par nombre de réponses
Votre historique - résultats
Vous n’avez pas pris ce quiz